K některým otázkám kursové problematiky výzkumná studie

Salvato in:
Dettagli Bibliografici
Autore principale: Starý, Boris
Natura: Libro
Lingua:ceco
Pubblicazione: Praha Výzkumný ústav finanční a úvěrové soustavy 1975
Tags: Aggiungi Tag
Nessun Tag, puoi essere il primo ad aggiungerne!!

MARC

LEADER 00000nam a2200000 4500
001 c120532
005 20041019155217.3
041 0 |a cze 
044 |a CZ 
245 1 0 |a K některým otázkám kursové problematiky  |b výzkumná studie  |c Boris Starý 
264 1 |a Praha  |b Výzkumný ústav finanční a úvěrové soustavy  |c 1975 
300 |a 82 s. 
100 1 |a Starý, Boris